Skylanders Catchphrases - Statistics

General Stats
  • This quiz has been taken 104 times
  • The average score is 27 of 43
Answer Stats
Catchphrase Skylander % Correct
Chompy power Chompy Mage
87%
Motion of the potion Pop Fizz
87%
No gold no glory Trigger Happy
87%
Fear the fish Gill Grunt
84%
Silent but deadly Stealth Elf
83%
Hawk and awe Jet Vac
81%
Be afraid of the bark Tree Rex
77%
Behold my catchphrase of doom Kaos
75%
All fired up Spyro
75%
Born to burn Eruptor
71%
Eat this Food Fight
71%
Licensed to drill Drill Sergeant
70%
Croc and roll Snap Shot
70%
The doctor is in Dr. Krankcase
69%
Stay frosty King Pen
68%
Eight legs and no pegs Wash Buckler
66%
Weed 'em and reap Ambush
65%
Bring the boom Boomer
65%
Chop til ya drop Chopscotch
64%
I reign supreme Golden Queen
64%
Let there be rock Wolfgang
64%
Face the mace Tri Tip
62%
A watery grave awaits Grave Clobber
61%
Drop the hammer Stump Smash
61%
Rooting out evil Boom Bloom
60%
The master of mystery Mysticat
60%
Compute and shoot Ro Bow
60%
The speed of light Aurora
58%
Ready the rocket Flare Wolf
58%
Fan the flames Ember
57%
So long, sucker Pain-Yatta
53%
Quiver with fear Buckshot
52%
Whip up a storm Free Ranger
52%
Any last words Hood Sickle
52%
The scales of justice Pit Boss
52%
Fight and flight Air Strike
51%
It's crunch time Barbella
51%
Who dares face me Tae Kwon Crow
51%
The roar of thunder Wild Storm
51%
Target acquired Blaster Tron
49%
A shot in the dark Starcast
49%
The spirit is willing Bad Juju
48%
In a league of my own Tidepool
48%
No matching quizzes found
Score Distribution
Percent of People with Each Score
Percentile by Number Answered
Your Score History
You have not taken this quiz